|
|
|
|
| LEADER |
00000nam a2200000 a 4500 |
| 001 |
UCU5145 |
| 003 |
CL-VaPUC |
| 008 |
960531e19750000AG |||||||||||||||||spa|d |
| 082 |
0 |
4 |
|a 621.3
|b WOO
|2 21
|
| 100 |
0 |
|
|a Woolman, Myron
|e author
|9 362999
|
| 700 |
0 |
|
|a Valentine, C. Glenn
|e author
|9 363000
|
| 245 |
1 |
0 |
|a Curso programado de electricidad básica
|
| 300 |
|
|
|a 440 p
|
| 942 |
|
|
|c BK
|
| 945 |
|
|
|d 19960531 00:00:00
|a lriquelm
|
| 260 |
|
|
|a Buenos Aires
|b Glem
|c 1975
|
| 650 |
|
0 |
|a Electricidad
|9 260222
|
| 650 |
|
7 |
|a ELECTRONES
|2 CL-VaPUC
|9 322158
|
| 650 |
|
0 |
|a Corrientes eléctricas
|9 354960
|
| 650 |
|
0 |
|a Circuitos eléctricos
|9 260262
|
| 650 |
|
0 |
|a Electromagnetismo
|9 260123
|
| 650 |
|
7 |
|a CORRIENTES ALTERNAS
|2 CL-VaPUC
|9 263344
|
| 583 |
|
|
|a last modification
|c 19960531 00:00:00
|k Rodrigo Vera
|
| 999 |
|
|
|c 248604
|d 248602
|